| 000 | 00774nam a22002057a 4500 | ||
|---|---|---|---|
| 005 | 20251108163353.0 | ||
| 008 | 250721s1994 xx 000 0 ara d | ||
| 082 | 1 | 4 | _a43234ر210/ندو |
| 111 | 2 | _aندوة الحقوق في الإسلام ( 1 : 1992: عمان ) | |
| 245 | 1 | 0 |
_aالحقوق في الإسلام : _bبحوث ومناقشات الندوتين اللتين عقدتا في عمان / |
| 264 | 1 |
_aعمان : _bالمجمع الملكي لبحوث، _c1994. |
|
| 300 | _a2ج. | ||
| 490 | 0 | _aسلسلة ندوات الحوار بين المسلمين | |
| 650 | 1 | 7 | _aالإسلام |
| 650 | 1 | 7 | _aالحقوق المدنية و السياسية |
| 650 | 1 | 7 | _aالدورات التدريبية |
| 650 | 1 | 7 | _aالحرية |
| 942 |
_2ddc _cBK |
||
| 999 |
_c988 _d988 |
||